| 000 | 00583nam a2200181 i 4500 | ||
|---|---|---|---|
| 001 | 95882 | ||
| 003 | ES-MaACL | ||
| 007 | t| | ||
| 008 | 050607s1973 mx ||||1| spa d | ||
| 100 | 1 |
_aMacCracken, Daniel D. _975091 |
|
| 245 | 1 | 0 |
_aProgramación Fortran IV / _cDaniel D. MacCracken; [versión Rodolfo Luthe García; revisión Mario del Valle]. |
| 250 | _a[1ª ed.], 9ª reimp. | ||
| 260 |
_aMéxico : _bLimusa, _c1973. |
||
| 300 |
_a165 p. ; _c27 cm. |
||
| 700 | 1 |
_aLuthe García, Rodolfo. _974869 |
|
| 700 | 1 |
_aValle, Mario del. _9112773 |
|
| 852 |
_aES-MaACL _jE-6449 _bR.91130 |
||
| 999 |
_c95882 _d95882 |
||